[Event "22. Copenhagen Open  (Politiken Cup)"]
[Site "Copenhagen"]
[Date "2000.07.25"]
[Round "8"]
[White "Zyde, Fadmal"]
[Black "Andersen, Preben"]
[Result "1/2-1/2"]
[WhiteElo "1619"]
[BlackElo "2030"]
[PlyCount "49"]
[EventDate "2000.07.17"]
[EventType "swiss"]
[EventRounds "11"]
[EventCountry "DEN"]
[SourceDate "2004.01.01"]

1. Nf3 g6 2. e4 Bg7 3. d4 c5 4. dxc5 Qa5+ 5. Bd2 Qxc5 6. Bc3 Nf6 7. Bd3 O-O 8.
Nbd2 b5 9. Nb3 Qb6 10. Bd4 Qc7 11. Bxb5 Nxe4 12. Bxg7 Kxg7 13. Qd4+ Nf6 14.
O-O-O Nc6 15. Bxc6 Qxc6 16. Rhe1 Re8 17. Re3 d6 18. h3 Bf5 19. Ne1 Kg8 20. g4
Be6 21. f4 Bxb3 22. axb3 a5 23. f5 a4 24. fxg6 hxg6 25. b4 1/2-1/2

[Event "22. Copenhagen Open  (Politiken Cup)"]
[Site "Copenhagen"]
[Date "2000.07.26"]
[Round "9"]
[White "Andersen, Finn"]
[Black "Kristensen, Jonas Rune"]
[Result "1-0"]
[WhiteElo "1531"]
[BlackElo "1696"]
[PlyCount "93"]
[EventDate "2000.07.17"]
[EventType "swiss"]
[EventRounds "11"]
[EventCountry "DEN"]
[SourceDate "2004.01.01"]

1. d4 Nf6 2. Nc3 e6 3. e4 d5 4. e5 Nfd7 5. Bd3 c5 6. Nf3 cxd4 7. Nb5 Nc6 8. Bf4
Bc5 9. O-O a6 10. Nd6+ Bxd6 11. exd6 e5 12. Re1 f6 13. Bf5 Nc5 14. Nxe5 Nxe5
15. Qh5+ Kf8 16. Bxe5 Bxf5 17. Qxf5 Qd7 18. Qxd7 Nxd7 19. Bxd4 Re8 20. Rxe8+
Kxe8 21. Re1+ Kd8 22. Bc3 b6 $11 23. Rd1 Re8 24. Kf1 Ne5 25. Rxd5 Kd7 26. Bxe5
Rxe5 27. Rxe5 fxe5 28. Ke2 Kxd6 29. Kd3 b5 30. Ke4 Ke6 31. h4 g6 32. c3 a5 33.
b3 a4 34. g4 Kd6 35. g5 Ke6 36. bxa4 bxa4 37. f4 exf4 38. Kxf4 Kd5 39. Ke3 Kc4
40. Kd2 Kb5 41. Kd3 Kc5 42. a3 Kd5 43. c4+ Kc6 44. Kd4 Kd6 45. c5+ Kc7 46. Kd5
Kd7 47. c6+ 1-0

[Event "22. Copenhagen Open  (Politiken Cup)"]
[Site "Copenhagen"]
[Date "2000.07.26"]
[Round "9"]
[White "Andersen, Preben"]
[Black "Rytter, Morten"]
[Result "0-1"]
[WhiteElo "2030"]
[BlackElo "1576"]
[PlyCount "56"]
[EventDate "2000.07.17"]
[EventType "swiss"]
[EventRounds "11"]
[EventCountry "DEN"]
[SourceDate "2004.01.01"]

1. e4 c5 2. Nf3 e6 3. Nc3 Nc6 4. d4 cxd4 5. Nxd4 Nf6 6. Bg5 Be7 7. Qd2 h6 8.
Be3 Bb4 9. f3 d5 10. a3 Ba5 11. b4 Bc7 12. Ndb5 Be5 13. Rd1 dxe4 14. Qc1 Bd7
15. Bc5 a6 16. Nd6+ Bxd6 17. Bxd6 exf3 18. Qe3 Ne7 19. Qxf3 Bc6 20. Qh3 Nfd5
21. Be5 O-O 22. Bd3 Qb6 23. Bd4 Qc7 24. Nxd5 Nxd5 25. O-O e5 26. Bb2 Qb6+ 27.
Kh1 Ne3 28. Bxe5 Bxg2+ 0-1

[Event "22. Copenhagen Open  (Politiken Cup)"]
[Site "Copenhagen"]
[Date "2000.07.26"]
[Round "9"]
[White "Andersen, Rune"]
[Black "Malvild, Robert"]
[Result "1-0"]
[WhiteElo "2077"]
[BlackElo "2029"]
[PlyCount "59"]
[EventDate "2000.07.17"]
[EventType "swiss"]
[EventRounds "11"]
[EventCountry "DEN"]
[SourceDate "2004.01.01"]

1. d4 Nf6 2. c4 g6 3. Nc3 Bg7 4. e4 d6 5. f4 O-O 6. Nf3 c5 7. d5 b5 8. cxb5 a6
9. a4 e6 10. dxe6 Bxe6 11. Be2 axb5 12. Bxb5 d5 13. f5 gxf5 14. e5 Ne4 15. Ne2
Nd7 16. Bc6 Nxe5 17. Nxe5 Bxe5 18. Bxa8 Qh4+ 19. g3 Bxg3+ 20. Nxg3 Nxg3 21. Rg1
Qxh2 22. Be3 f4 23. Qd2 Qxd2+ 24. Bxd2 Rxa8 25. Bxf4 Kf8 26. Rxg3 Ke7 27. Rc3
c4 28. Be5 Bf5 29. a5 h5 30. a6 1-0

[Event "22. Copenhagen Open  (Politiken Cup)"]
[Site "Copenhagen"]
[Date "2000.07.26"]
[Round "9"]
[White "Andersen, Tom Juul"]
[Black "Brondum, Eric"]
[Result "0-1"]
[WhiteElo "2106"]
[BlackElo "2230"]
[PlyCount "58"]
[EventDate "2000.07.17"]
[EventType "swiss"]
[EventRounds "11"]
[EventCountry "DEN"]
[SourceDate "2004.01.01"]

1. c4 b6 2. Nc3 e6 3. e4 Bb7 4. Nf3 g6 5. g3 Bg7 6. d4 Ne7 7. Bg2 O-O 8. O-O d6
9. Bg5 h6 10. Be3 Nd7 11. Qd2 Kh7 12. Rad1 Rb8 13. b4 Nf6 14. d5 Ng4 15. c5
Nxe3 16. Qxe3 exd5 17. Nxd5 Nxd5 18. exd5 Ba6 19. Rfe1 Re8 20. Qa3 Be2 21. Rc1
bxc5 22. Qxa7 Rxb4 23. Nd2 Rb2 24. Ne4 Bd3 25. Qa4 Bxe4 26. Bxe4 Qf6 27. Rc2
Reb8 28. Ree2 Rxc2 29. Bxc2 Rb4 0-1

[Event "22. Copenhagen Open  (Politiken Cup)"]
[Site "Copenhagen"]
[Date "2000.07.26"]
[Round "9"]
[White "Baburin, Alexander"]
[Black "El Kher, Henrik"]
[Result "1-0"]
[WhiteElo "2590"]
[BlackElo "2374"]
[Annotator "Alexander Baburin"]
[PlyCount "121"]
[EventDate "2000.07.17"]
[EventType "swiss"]
[EventRounds "11"]
[EventCountry "DEN"]
[SourceDate "2004.01.01"]

1. d4 Nf6 2. c4 Nc6 3. Nf3 e6 4. Nc3 Bb4 5. Qc2 d6 6. a3 Bxc3+ 7. Qxc3 a5 8. d5
Nb8 9. dxe6 Bxe6 10. b3 Nbd7 11. Bb2 O-O 12. e3 Re8 13. Be2 Qe7 14. Nd4 c5 15.
Nb5 Nb6 ({Of course not} 15... Ne5 $2 {because of} 16. Nxd6 Qxd6 17. Qxe5 Qxe5
18. Bxe5 Bxc4 19. Bxf6 Bxe2 20. Kxe2 gxf6 21. a4 $16) 16. a4 d5 17. O-O dxc4
18. bxc4 Red8 19. Qc2 Bd7 20. Nc3 $2 {[#]} ({Better was} 20. Bd3) 20... Bg4 $1
({It is good for black to exchange bishops, as then the weakness of the
c4-pawn becomes appearent. I counted only on} 20... Bc6 $6 21. Qb3 $1) 21. Bd3
{This may not be objectively best, but it changes the character of the game.}
Qd7 22. Nd5 Nbxd5 23. cxd5 Qxd5 24. Bc4 ({The computer here favours} 24. Ra3 {
and probably this is what white should have played.}) 24... Qg5 ({Black plays
ambitiously; I expected} 24... Qc6 {, which would be also unpleasant for white.
}) 25. Kh1 Bf5 26. Qe2 ({After} 26. Qb3 Be4 27. Bxf7+ Kh8 28. f3 Rd2 29. Rg1 {
black has} Ng4 $1 {which is winning.}) 26... Ne4 27. Rad1 Rxd1 28. Rxd1 Rd8 29.
Kg1 (29. Rxd8+ Qxd8 30. f3 Qd1+ 31. Qxd1 Nf2+ 32. Kg1 Nxd1 {is hopeless for
white.}) 29... h6 {At that point black was short of time, which influenced his
play.} 30. Rxd8+ Qxd8 31. f3 Nd6 {This may not be the best.} 32. Qd2 $1 Be6 ({
After} 32... Qb6 {white has} 33. Qc3 Ne8 34. Bb5 Nf6 35. e4) 33. Bxe6 fxe6 34.
Be5 Nf7 35. Qxd8+ Nxd8 36. Bd6 $1 Kf7 37. Kf2 {Now black may have some
troubles in the endgame, as he has many weaknesses. True, he is a pawn up now,
but the c-pawn will be lost soon.} Ke8 $6 38. Bxc5 e5 39. Ke2 Kd7 40. Bb6 Ne6
41. Bxa5 e4 ({Or} 41... Nc5 42. Bc3 Ke6 43. a5) 42. Bb4 exf3+ 43. Kxf3 Nc7 44.
Ke4 Ke6 45. Bf8 Ne8 46. Kd4 h5 47. Kc5 Kd7 48. h3 Nc7 {[#]} 49. Bxg7 ({First I
planned here} 49. Bd6 $4 {but then I saw} b6+ $1) ({The line} 49. Kb6 Kc8 50.
e4 Ne6 51. Bd6 Ng5 52. e5 {was a good alternative, but I felt that the
variation, which I choose, was more forceful.}) 49... Ne6+ 50. Kb6 Nxg7 51.
Kxb7 h4 $6 ({Better was} 51... Ne6 {although after} 52. a5 Nc5+ 53. Kb6 Na4+
54. Kb5 Nc3+ 55. Kc4 Nd1 56. Kd4 {white should win.}) 52. a5 Nf5 53. a6 Nd6+
54. Kb8 Nb5 55. a7 Nxa7 56. Kxa7 Kc7 57. e4 Kd6 58. Kb6 Ke5 59. Kc5 Kf4 ({Or} 
59... Kxe4 60. Kd6 Kf4 61. Ke6 Kg3 62. Kf5 Kxg2 63. Kg4 $18) 60. Kd4 Kg3 61. e5
1-0

[Event "22. Copenhagen Open  (Politiken Cup)"]
[Site "Copenhagen"]
[Date "2000.07.26"]
[Round "9"]
[White "Bekker Jensen, David"]
[Black "Schandorff, Lars"]
[Result "0-1"]
[WhiteElo "2320"]
[BlackElo "2520"]
[PlyCount "54"]
[EventDate "2000.07.17"]
[EventType "swiss"]
[EventRounds "11"]
[EventCountry "DEN"]
[SourceDate "2004.01.01"]

1. d4 Nf6 2. c4 e6 3. Nc3 Bb4 4. e3 O-O 5. Nge2 d5 6. a3 Be7 7. cxd5 exd5 8.
Nf4 c6 9. Bd3 a5 10. O-O Na6 11. f3 Nc7 12. Bc2 c5 13. Kh1 Ne6 14. Nxe6 Bxe6
15. dxc5 Bxc5 16. Nb5 Bd7 17. Nd4 Re8 18. Qd3 Rc8 19. Nb3 Bb6 20. Bd2 g6 21.
Bc3 Rxe3 22. Qd2 Nh5 23. Nd4 {[#]} Rexc3 24. bxc3 Qh4 25. Ne2 Re8 26. Be4 Bc7
27. g3 Bxg3 0-1

[Event "22. Copenhagen Open  (Politiken Cup)"]
[Site "Copenhagen"]
[Date "2000.07.26"]
[Round "9"]
[White "Berg, Olaf"]
[Black "Fant, Goran"]
[Result "0-1"]
[WhiteElo "1795"]
[BlackElo "2062"]
[PlyCount "74"]
[EventDate "2000.07.17"]
[EventType "swiss"]
[EventRounds "11"]
[EventCountry "DEN"]
[SourceDate "2004.01.01"]

1. e4 e6 2. d3 Nc6 3. Nf3 Be7 4. g3 e5 5. Bg2 d6 6. h3 Be6 7. O-O h6 8. Be3 Qd7
9. Kh2 f5 10. Nc3 Nf6 11. Nh4 f4 12. gxf4 exf4 13. Ng6 fxe3 14. Nxh8 exf2 15.
Ng6 Ne5 16. Nxe5 dxe5 17. Rxf2 Qd4 18. Qe2 Bc5 19. Raf1 c6 20. Rf3 O-O-O 21.
Nd1 Nh5 22. c3 Qd6 23. Qc2 g5 24. a3 Nf4 25. Nf2 Bb6 26. Rg3 Bc7 27. Rd1 Qe7
28. Bf3 h5 29. Nh1 g4 30. Bg2 Rg8 31. Nf2 Qf7 32. Rg1 Bd8 33. Bf1 Bh4 34. Re3
Ng6 35. Nh1 Qf4+ 36. Reg3 Bxg3+ 37. Nxg3 h4 0-1

[Event "22. Copenhagen Open  (Politiken Cup)"]
[Site "Copenhagen"]
[Date "2000.07.26"]
[Round "9"]
[White "Bering, Anders"]
[Black "Keeling, Geoff"]
[Result "1/2-1/2"]
[WhiteElo "1943"]
[BlackElo "2073"]
[PlyCount "52"]
[EventDate "2000.07.17"]
[EventType "swiss"]
[EventRounds "11"]
[EventCountry "DEN"]
[SourceDate "2004.01.01"]

1. e4 e5 2. Nf3 Nc6 3. Bc4 Bc5 4. b4 Bb6 5. a4 a6 6. Nc3 d6 7. Nd5 Ba7 8. d3 h6
9. O-O Bg4 10. Ne3 Bh5 11. c3 Nf6 12. Nf5 O-O 13. Be3 d5 14. exd5 Nxd5 15. Bxa7
Rxa7 16. Bxd5 Qxd5 17. c4 Qe6 18. Ng3 Bg6 19. b5 Nd4 20. Nxd4 exd4 21. Re1 $11
Qd7 22. Qf3 axb5 23. axb5 Rfa8 24. Rxa7 Rxa7 25. h3 Qd8 26. Nf5 Kf8 1/2-1/2

[Event "22. Copenhagen Open  (Politiken Cup)"]
[Site "Copenhagen"]
[Date "2000.07.26"]
[Round "9"]
[White "Bogdanov, Max"]
[Black "Dencker, Martin"]
[Result "0-1"]
[WhiteElo "1067"]
[BlackElo "1331"]
[PlyCount "36"]
[EventDate "2000.07.17"]
[EventType "swiss"]
[EventRounds "11"]
[EventCountry "DEN"]
[SourceDate "2004.01.01"]

1. d4 d5 2. c4 c6 3. Nc3 Nf6 4. Bf4 e6 5. a3 Nbd7 6. e3 Qb6 7. Rb1 Qa5 8. cxd5
Nxd5 9. Nge2 N7f6 10. Qa4 Qd8 11. Be5 b5 12. Qc2 Bd7 13. Nxd5 cxd5 14. Ng3 Rc8
15. Qb3 Qa5+ 16. Kd1 b4 17. axb4 Bxb4 18. Bxf6 Ba4 0-1

[Event "22. Copenhagen Open  (Politiken Cup)"]
[Site "Copenhagen"]
[Date "2000.07.26"]
[Round "9"]
[White "Brinck Claussen, Bjorn"]
[Black "Baekgaard, Martin"]
[Result "1-0"]
[WhiteElo "2359"]
[BlackElo "2170"]
[PlyCount "35"]
[EventDate "2000.07.17"]
[EventType "swiss"]
[EventRounds "11"]
[EventCountry "DEN"]
[SourceDate "2004.01.01"]

1. e4 c5 2. Nf3 d6 3. d4 cxd4 4. Nxd4 Nf6 5. Nc3 g6 6. Be3 Bg7 7. f3 Nc6 8. Qd2
O-O 9. Bc4 Bd7 10. h4 Ne5 11. Bb3 Qa5 12. Bh6 Bxh6 13. Qxh6 Rfc8 14. Nde2 Nc4
15. O-O-O Rc5 16. h5 g5 17. Bxc4 Rxc4 18. Nd5 {[#]} 1-0

[Event "22. Copenhagen Open  (Politiken Cup)"]
[Site "Copenhagen"]
[Date "2000.07.26"]
[Round "9"]
[White "Bromann, Thorbjorn"]
[Black "Greiff, Hkan"]
[Result "0-1"]
[WhiteElo "2261"]
[BlackElo "2284"]
[PlyCount "86"]
[EventDate "2000.07.17"]
[EventType "swiss"]
[EventRounds "11"]
[EventCountry "DEN"]
[SourceDate "2004.01.01"]

1. d4 d5 2. Bg5 Nf6 3. Bxf6 exf6 4. e3 Bd6 5. Bd3 f5 6. Nd2 Be6 7. Qf3 g6 8. c4
c6 9. Ne2 Nd7 10. Nc3 Nf6 11. Qe2 O-O 12. f3 Re8 13. c5 Bf8 14. Kf2 Bh6 15. Nf1
Rc8 16. f4 Rc7 17. h3 Bc8 18. g3 Rce7 19. Qc2 Kh8 20. Nd1 g5 21. Nh2 Qc7 22.
Nf3 Nh5 23. Rg1 f6 24. g4 fxg4 25. hxg4 gxf4 26. gxh5 fxe3+ 27. Ke2 Qf4 28. Nc3
Bg4 29. Raf1 Rg8 30. Rxg4 Rxg4 31. Ke1 e2 32. Nxe2 Rg2 33. Qd2 Rgxe2+ 34. Qxe2
Qc1+ 35. Kf2 Rxe2+ 36. Bxe2 Qe3+ 37. Ke1 Bf4 38. Rg1 Qc1+ 39. Bd1 Qxb2 40. Rg4
Be3 41. Be2 Qa1+ 42. Bd1 Qxa2 43. Be2 Qb1+ 0-1

[Event "22. Copenhagen Open  (Politiken Cup)"]
[Site "Copenhagen"]
[Date "2000.07.26"]
[Round "9"]
[White "Christensen, Jan N"]
[Black "Bohlke, Christian"]
[Result "1/2-1/2"]
[WhiteElo "2139"]
[BlackElo "2052"]
[PlyCount "64"]
[EventDate "2000.07.17"]
[EventType "swiss"]
[EventRounds "11"]
[EventCountry "DEN"]
[SourceDate "2004.01.01"]

1. e4 e6 2. d4 d5 3. exd5 exd5 4. Nf3 Nf6 5. c4 Bb4+ 6. Nc3 O-O 7. Bd3 dxc4 8.
Bxc4 Bg4 9. O-O Nc6 10. Be3 Bxc3 11. bxc3 Nd5 12. Qd3 Bxf3 13. gxf3 Na5 14.
Bxd5 Qxd5 15. Qe4 Rad8 16. Kh1 Rfe8 17. Qxd5 Rxd5 18. Rfe1 Kf8 19. Rab1 b6 20.
Kg2 Rf5 21. Bd2 Nc4 22. Rxe8+ Kxe8 23. Re1+ Kd7 24. Bc1 Rf6 25. Re4 Rg6+ 26.
Rg4 Ke6 27. Kf1 Kd5 28. Ke2 Re6+ 29. Kd3 g6 30. Rf4 f5 31. Rh4 h5 32. Rh3 c6
1/2-1/2

[Event "22. Copenhagen Open  (Politiken Cup)"]
[Site "Copenhagen"]
[Date "2000.07.26"]
[Round "9"]
[White "Christensen, Stefan"]
[Black "Schyberg, Brian"]
[Result "1-0"]
[WhiteElo "2176"]
[BlackElo "2010"]
[PlyCount "51"]
[EventDate "2000.07.17"]
[EventType "swiss"]
[EventRounds "11"]
[EventCountry "DEN"]
[SourceDate "2004.01.01"]

1. e4 g6 2. d4 Bg7 3. Nc3 Nc6 4. d5 Nd4 5. Na4 a6 6. Be3 e5 7. c3 Nb5 8. Nf3
Ne7 9. c4 Nd6 10. Nc3 f5 11. Bd3 f4 12. Bc5 Nf7 13. a4 O-O 14. a5 g5 15. d6
cxd6 16. Bb6 Qe8 17. Nd5 Nxd5 18. cxd5 Bf6 19. Nd2 Nh8 20. Nc4 Bd8 21. Rc1 Qg6
22. Bxd8 Rxd8 23. Nb6 Rb8 24. Qc2 f3 25. g3 Qh5 26. Qc7 1-0

[Event "22. Copenhagen Open  (Politiken Cup)"]
[Site "Copenhagen"]
[Date "2000.07.26"]
[Round "9"]
[White "Christensen, Verner"]
[Black "Henrichsen, Jens"]
[Result "0-1"]
[WhiteElo "1761"]
[BlackElo "2046"]
[PlyCount "45"]
[EventDate "2000.07.17"]
[EventType "swiss"]
[EventRounds "11"]
[EventCountry "DEN"]
[SourceDate "2004.01.01"]

1. e4 c5 2. d4 cxd4 3. c3 dxc3 4. Nxc3 a6 5. Bc4 e6 6. Nf3 b5 7. Bb3 Bb7 8. Qe2
d6 9. O-O Nd7 10. Rd1 Rc8 11. Bf4 Qc7 12. Rac1 Qb8 13. Ng5 Ngf6 14. Bg3 Be7 15.
Rd4 O-O 16. Rcd1 e5 17. R4d2 Nc5 18. Bc2 b4 19. Na4 Nxa4 20. Bxa4 h6 21. Nh3
Nxe4 22. Bc2 Nxd2 23. Rxd2 0-1

[Event "22. Copenhagen Open  (Politiken Cup)"]
[Site "Copenhagen"]
[Date "2000.07.26"]
[Round "9"]
[White "Drejer, Hans Ulrik"]
[Black "Jorgensen, Orla Eilegaard"]
[Result "0-1"]
[WhiteElo "1680"]
[BlackElo "1297"]
[PlyCount "70"]
[EventDate "2000.07.17"]
[EventType "swiss"]
[EventRounds "11"]
[EventCountry "DEN"]
[SourceDate "2004.01.01"]

1. d4 Nf6 2. Nf3 e6 3. Bg5 h6 4. Bh4 Be7 5. Nbd2 c5 6. c3 b6 7. e4 d6 8. Bd3
Nbd7 9. Qe2 cxd4 10. cxd4 Bb7 11. Bb5 O-O 12. Bg3 Rc8 13. e5 dxe5 14. Nxe5 Bxg2
15. Rg1 Bd5 16. Bh4 Rc2 17. Nxd7 Nxd7 18. Qg4 g6 19. Bd3 Rxd2 20. Bxg6 Bg5 21.
Bxg5 Qxg5 22. Qxg5 hxg5 23. Rxg5 fxg6 24. Kxd2 Rxf2+ 25. Ke3 Rxh2 26. Rxg6+ Kf7
27. Rg3 Rxb2 28. Rf1+ Ke7 29. Rg7+ Kd6 30. Rff7 Bc6 31. d5 exd5 32. Rg6+ Kc7
33. Rf1 Rxa2 34. Rc1 Ra3+ 35. Kd4 Rd3+ 0-1

[Event "22. Copenhagen Open  (Politiken Cup)"]
[Site "Copenhagen"]
[Date "2000.07.26"]
[Round "9"]
[White "Eriksson, Johan"]
[Black "Hoi, Carsten"]
[Result "1/2-1/2"]
[WhiteElo "2369"]
[BlackElo "2408"]
[PlyCount "126"]
[EventDate "2000.07.17"]
[EventType "swiss"]
[EventRounds "11"]
[EventCountry "DEN"]
[SourceDate "2004.01.01"]

1. d4 Nf6 2. c4 g6 3. Nc3 Bg7 4. e4 d6 5. Nf3 O-O 6. Be2 Bg4 7. Be3 Nfd7 8. Ng1
Bxe2 9. Ngxe2 e5 10. O-O Nc6 11. d5 Ne7 12. b4 f5 13. f3 f4 14. Bf2 g5 15. c5
Nf6 16. Rc1 g4 17. Nb5 gxf3 18. gxf3 Qd7 19. Nec3 a6 20. Na3 Qh3 21. Rc2 Bh6
22. Be1 Kh8 23. Rg2 Rg8 24. Rff2 Ng6 25. Rc2 Rg7 26. Qe2 Rag8 27. Qf1 Qh5 28.
Nc4 Ne8 29. Rce2 Bg5 30. cxd6 cxd6 31. a4 Bh4 32. Bd2 Bd8 33. Be1 Bh4 34. Bd2
Bg3 35. hxg3 fxg3 36. Be3 Nh4 37. Nd2 Rf8 38. f4 exf4 39. Bd4 Kg8 40. Bxg7 Nxg7
41. e5 dxe5 42. d6 Qg4 43. Re4 Ngf5 44. d7 Nxg2 45. Qc4+ Kh8 46. Qc8 Qg8 47.
d8=Q Rxd8 48. Qxf5 Qg7 49. Nf3 Ne3 50. Qxe5 Qxe5 51. Nxe5 Rc8 52. Ne2 Rc2 53.
Nxg3 Rc1+ 54. Kf2 fxg3+ 55. Kxg3 Rc3 56. Kf4 Nd5+ 57. Kf5 Rc1 58. Ke6 Nc7+ 59.
Kd7 Kg7 60. Kc8 b5 61. a5 Kf6 62. Kb7 Kf5 63. Re2 Ne6 1/2-1/2

[Event "22. Copenhagen Open  (Politiken Cup)"]
[Site "Copenhagen"]
[Date "2000.07.26"]
[Round "9"]
[White "Erlandsen, Carsten"]
[Black "Petersen, Nils"]
[Result "1/2-1/2"]
[WhiteElo "2165"]
[BlackElo "2038"]
[PlyCount "173"]
[EventDate "2000.07.17"]
[EventType "swiss"]
[EventRounds "11"]
[EventCountry "DEN"]
[SourceDate "2004.01.01"]

1. d4 d5 2. c4 e6 3. Nf3 c6 4. g3 f5 5. Bg2 Nf6 6. O-O Bd6 7. b3 Qe7 8. a4 Nbd7
9. Ba3 Bxa3 10. Nxa3 a5 11. Nc2 O-O 12. Nce1 Kh8 13. Nd3 Rd8 14. Qc2 Nf8 15.
Rfb1 Ng6 16. Rb2 Ne4 17. c5 Ng5 18. Nxg5 Qxg5 19. f4 Qf6 20. e3 Bd7 21. b4 axb4
22. a5 Ra7 23. Rxb4 Rda8 24. Qb2 Bc8 25. Rba4 Qd8 26. Qb6 Qe8 27. Bf1 Ra6 28.
Qb4 R6a7 29. Qb6 Ra6 30. Qb4 R6a7 31. Ne1 Nf8 32. Nf3 Nd7 33. Be2 h6 34. Kg2
Qd8 35. Nd2 Qe7 36. Nb3 g5 37. Qd2 Nf6 38. Rb4 Bd7 39. Rb6 Bc8 40. Qe1 Nd7 41.
Rb4 Nb8 42. Rb1 Na6 43. Rb6 Nc7 44. h3 Qf7 45. Qf2 Kg8 46. Rf1 Bd7 47. Qe1 Ne8
48. Qb4 Bc8 49. a6 bxa6 50. Na5 Bd7 51. Rb7 Rxb7 52. Qxb7 Rc8 53. Rb1 Rc7 54.
Qxa6 Bc8 55. Qd3 Qd7 56. Rb6 Nf6 57. Qb1 Kg7 58. Qf1 Ng8 59. Bd3 Ne7 60. Qe2
Ra7 61. Nb3 Bb7 62. fxg5 hxg5 63. Qh5 Kf6 64. Qh8+ Kf7 65. Qb8 Nc8 66. Na5 Ba8
67. Ra6 Ke7 68. Rxa7 Qxa7 69. Qxa7+ Nxa7 70. Ba6 Kf6 71. Kf3 e5 72. dxe5+ Kxe5
73. Nb3 Nb5 74. Bxb5 cxb5 75. Nd4 b4 76. h4 gxh4 77. gxh4 f4 78. h5 b3 79. Nxb3
d4+ 80. Ke2 dxe3 81. h6 Kf6 82. Nd4 Kg6 83. Ne6 f3+ 84. Kxe3 Kxh6 85. Nd4 Kg5
86. Nxf3+ Bxf3 87. Kxf3 1/2-1/2

[Event "22. Copenhagen Open  (Politiken Cup)"]
[Site "Copenhagen"]
[Date "2000.07.26"]
[Round "9"]
[White "Grahn, Lars"]
[Black "Petersen, Steen"]
[Result "1/2-1/2"]
[WhiteElo "2105"]
[BlackElo "2162"]
[PlyCount "139"]
[EventDate "2000.07.17"]
[EventType "swiss"]
[EventRounds "11"]
[EventCountry "DEN"]
[SourceDate "2004.01.01"]

1. d4 Nf6 2. c4 e6 3. Nc3 Bb4 4. g3 c5 5. Nf3 b6 6. Bg2 Bb7 7. O-O cxd4 8. Qxd4
O-O 9. Rd1 Nc6 10. Qd3 Na5 11. b3 d5 12. cxd5 Rc8 13. Bb2 Nxd5 14. Nxd5 Qxd5
15. Qe3 Qe4 16. Qxe4 Bxe4 17. Rd4 Bxf3 18. Bxf3 Rc2 19. Rxb4 Rxb2 20. Ra4 Rd8
21. Rc1 g6 22. e3 Rdd2 23. b4 Rxf2 24. Ba8 Rxh2 25. bxa5 bxa5 26. Rxa5 Rxa2 27.
Rxa2 Rxa2 28. g4 h6 29. Bc6 Kf8 30. Bb5 a5 31. Bc4 Rb2 32. Ra1 Rc2 33. Ba6 Rc5
34. Be2 h5 35. gxh5 gxh5 36. Kf2 Kg7 37. Rg1+ Kf6 38. Rg8 Rf5+ 39. Bf3 Rg5 40.
Rh8 Re5 41. Ra8 Kg7 42. Ra7 Rc5 $11 43. Kg3 Rf5 44. Bc6 Kf8 45. e4 Rc5 46. Ba8
f5 47. exf5 Rxf5 48. Kh4 Ke8 49. Bb7 Kd8 50. Ba6 Re5 51. Bd3 Kc8 52. Bg6 Kb8
53. Ra6 Kb7 54. Rd6 Kc7 55. Rd4 Kb6 56. Bxh5 Rd5 57. Ra4 e5 58. Kg3 Rd4 59. Ra2
a4 60. Kf3 Rb4 61. Ke3 Kc5 62. Be8 Rb3+ 63. Ke4 a3 64. Bf7 Kb4 65. Kxe5 Rf3 66.
Bd5 Rh3 67. Rc2 Rh5+ 68. Kd6 Rxd5+ 69. Kxd5 Kb3 70. Rc6 1/2-1/2

[Event "22. Copenhagen Open  (Politiken Cup)"]
[Site "Copenhagen"]
[Date "2000.07.26"]
[Round "9"]
[White "Grubert, Christian"]
[Black "Nielsen, Borge Hjerrild"]
[Result "1-0"]
[WhiteElo "2060"]
[BlackElo "2153"]
[PlyCount "89"]
[EventDate "2000.07.17"]
[EventType "swiss"]
[EventRounds "11"]
[EventCountry "DEN"]
[SourceDate "2004.01.01"]

1. e4 c6 2. d4 d5 3. f3 dxe4 4. fxe4 e5 5. Nf3 Be6 6. c3 Nd7 7. Bd3 Bd6 8. O-O
Ngf6 9. Qe2 Qe7 10. c4 Bg4 11. d5 Bc5+ 12. Kh1 Bd4 13. Nc3 Nf8 14. Be3 Bxe3 15.
Qxe3 Ng6 16. c5 O-O 17. d6 Qd8 18. Bc4 Bxf3 19. Rxf3 Ng4 20. Qe1 b6 21. h3 Nf6
22. b4 Nd7 23. Qf2 Nf4 24. Ne2 bxc5 25. bxc5 Nxe2 26. Qxe2 Nxc5 27. Bxf7+ Kh8
28. Rd1 Nd7 29. Qc4 Nf6 30. Be6 Qb6 31. Rc3 Rad8 32. Qxc6 Qxc6 33. Rxc6 Nxe4
34. Rd5 g6 35. d7 Nf6 36. Rd1 e4 37. Rc3 Kg7 38. g4 g5 39. Kg2 h5 40. Rc7 hxg4
41. hxg4 Rh8 42. Rxa7 Kf8 43. a4 Ke7 44. Bf5 Rh4 45. Kg3 1-0

[Event "22. Copenhagen Open  (Politiken Cup)"]
[Site "Copenhagen"]
[Date "2000.07.26"]
[Round "9"]
[White "Gulko, Boris F"]
[Black "Brynell, Stellan"]
[Result "1/2-1/2"]
[WhiteElo "2643"]
[BlackElo "2484"]
[PlyCount "41"]
[EventDate "2000.07.17"]
[EventType "swiss"]
[EventRounds "11"]
[EventCountry "DEN"]
[SourceDate "2004.01.01"]

1. d4 d5 2. c4 Nc6 3. cxd5 Qxd5 4. e3 e5 5. Nc3 Bb4 6. Bd2 Bxc3 7. Bxc3 exd4 8.
Ne2 Nf6 9. Nxd4 O-O 10. Nxc6 Qxc6 11. Qf3 Qxf3 12. gxf3 Nd5 13. Bd4 Be6 14. Rg1
f6 15. a3 a5 16. Rc1 Rac8 17. Kd2 Rfd8 18. e4 c5 19. Rxc5 Rxc5 20. Bxc5 b6 21.
exd5 1/2-1/2

[Event "22. Copenhagen Open  (Politiken Cup)"]
[Site "Copenhagen"]
[Date "2000.07.26"]
[Round "9"]
[White "Hamann, Steffen"]
[Black "Olsen, Miriam Frida"]
[Result "1-0"]
[WhiteElo "1638"]
[BlackElo "1437"]
[PlyCount "69"]
[EventDate "2000.07.17"]
[EventType "swiss"]
[EventRounds "11"]
[EventCountry "DEN"]
[SourceDate "2004.01.01"]

1. d4 Nf6 2. c4 e5 3. d5 c6 4. Nc3 Bb4 5. Bg5 Bxc3+ 6. bxc3 Qa5 7. Qd3 Ne4 8.
Bd2 Nc5 9. Qc2 d6 10. e4 O-O 11. g3 f5 12. f3 fxe4 13. fxe4 Nbd7 14. Bd3 Nf6
15. h3 Rf7 16. g4 {[#]} Bxg4 17. hxg4 Nxg4 18. Nh3 h6 19. Ke2 Raf8 20. Raf1
Rxf1 21. Rxf1 Rxf1 22. Kxf1 Nxd3 23. Qxd3 Qxa2 24. dxc6 bxc6 25. Kg2 a5 26. Kg3
Nf6 27. Nf2 Nh5+ 28. Kf3 Qa3 29. Kg4 Nf6+ 30. Kf5 a4 31. Bxh6 Nxe4 32. Nxe4
gxh6 33. Ke6 Qb3 34. Nxd6 Qb8 35. Qg3+ 1-0

[Event "22. Copenhagen Open  (Politiken Cup)"]
[Site "Copenhagen"]
[Date "2000.07.26"]
[Round "9"]
[White "Hansen, Henrik Michael"]
[Black "Tjornsted, Peter"]
[Result "1-0"]
[WhiteElo "2119"]
[BlackElo "1868"]
[PlyCount "55"]
[EventDate "2000.07.17"]
[EventType "swiss"]
[EventRounds "11"]
[EventCountry "DEN"]
[SourceDate "2004.01.01"]

1. e4 g6 2. d4 Bg7 3. Nc3 d6 4. Be3 c6 5. f3 Nd7 6. Qd2 e6 7. h4 h5 8. Nge2 Ne7
9. O-O-O Nb6 10. Nf4 d5 11. g4 hxg4 12. fxg4 dxe4 13. Nxe4 Ned5 14. Nxd5 Nxd5
15. Bf4 Nxf4 16. Qxf4 Kf8 17. g5 b6 18. Bc4 b5 19. Rdf1 Qe7 20. Bd3 Bd7 21. Nd6
Be8 22. Bxg6 Rd8 23. Nxe8 Rxd4 24. Qxf7+ Qxf7 25. Rxf7+ Kxe8 26. Rxg7+ Kd8 27.
h5 Rd5 28. h6 1-0